| 000 | 00997nam a2200217 a 4500 | ||
|---|---|---|---|
| 001 | 000045972 | ||
| 005 | 20201002052544.0 | ||
| 008 | 150605s2009 dr 000 0 spa d | ||
| 040 |
_aDO-SdBNP _bspa _cBNPHU |
||
| 082 |
_axxxx _bxxxx |
||
| 100 | 1 |
_aGuzmán Saladín, Alfredo A. _974044 |
|
| 245 | 1 | 3 |
_aEl funcionamiento de las sociedades de responsabilidad limitada / _cAlfredo A Guzmán Saladín. |
| 260 |
_aSanto Domingo : _bEdiciones Jurídicas Trajano Potentini, _c2009. |
||
| 300 |
_a171 p. ; _c23 cm. |
||
| 490 | 1 | _aMonografías | |
| 500 | _aAnexo único : Artículos de la ley general de las sociedades comerciales y empresas individuales de responsabilidad limitada, No. 479-08, recomendados para el estudio de los temas tratados en la presnte obra. | ||
| 500 | _aIncluye datos biográficos del autor en la solapa de la cubierta | ||
| 500 | _aIncluye referencias bibliográficas y notas al pie de las páginas | ||
| 504 | _aBibliografía : p. 115-118 | ||
| 830 | 0 |
_aMonografías _915334 |
|
| 999 |
_c45461 _d45461 |
||